Governing refugees : (Record no. 162590)

MARC details
000 -LEADER
fixed length control field 02146cam a2200553Ii 4500
001 - CONTROL NUMBER
control field vtls003268255
003 - CONTROL NUMBER IDENTIFIER
control field MY-SjTCS
005 - DATE AND TIME OF LATEST TRANSACTION
control field 20200508125058.0
006 - FIXED-LENGTH DATA ELEMENTS--ADDITIONAL MATERIAL CHARACTERISTICS
fixed length control field m o d
007 - PHYSICAL DESCRIPTION FIXED FIELD--GENERAL INFORMATION
fixed length control field cr cnu---unuuu
008 - FIXED-LENGTH DATA ELEMENTS--GENERAL INFORMATION
fixed length control field 150804s2014 nyu ob 001 0 eng d
020 ## - INTERNATIONAL STANDARD BOOK NUMBER
International Standard Book Number 9781135051334 (electronic bk.)
020 ## - INTERNATIONAL STANDARD BOOK NUMBER
International Standard Book Number 113505133X (electronic bk.)
020 ## - INTERNATIONAL STANDARD BOOK NUMBER
International Standard Book Number 9780203426777 (electronic bk.)
020 ## - INTERNATIONAL STANDARD BOOK NUMBER
International Standard Book Number 0203426770 (electronic bk.)
020 ## - INTERNATIONAL STANDARD BOOK NUMBER
International Standard Book Number 1135051348 (electronic bk.)
020 ## - INTERNATIONAL STANDARD BOOK NUMBER
International Standard Book Number 9781135051341 (electronic bk.)
020 ## - INTERNATIONAL STANDARD BOOK NUMBER
International Standard Book Number 9780415834001 (hardback)
020 ## - INTERNATIONAL STANDARD BOOK NUMBER
International Standard Book Number 0415834007 (hardback)
020 ## - INTERNATIONAL STANDARD BOOK NUMBER
International Standard Book Number 9780203426777 (ebk)
020 ## - INTERNATIONAL STANDARD BOOK NUMBER
International Standard Book Number 0203426770 (ebk)
035 ## - SYSTEM CONTROL NUMBER
System control number (OCoLC)879244232
035 ## - SYSTEM CONTROL NUMBER
System control number ocn879244232
039 #9 - LEVEL OF BIBLIOGRAPHIC CONTROL AND CODING DETAIL [OBSOLETE]
Level of rules in bibliographic description 201809071243
Level of effort used to assign nonsubject heading access points VLOAD
-- 201508041017
-- shuhada
040 ## - CATALOGING SOURCE
Original cataloging agency YDXCP
Description conventions rda
Language of cataloging eng
Transcribing agency YDXCP
Modifying agency N$T
-- OCLCO
-- OCLCF
043 ## - GEOGRAPHIC AREA CODE
Geographic area code a-th---
-- a-br---
082 04 - DEWEY DECIMAL CLASSIFICATION NUMBER
Classification number 362.87/5608995
Edition number 23
084 ## - OTHER CLASSIFICATION NUMBER
Classification number LAW000000
-- LAW013000
-- LAW032000
Number source bisacsh
100 1# - MAIN ENTRY--PERSONAL NAME
Personal name McConnachie, Kirsten.
245 10 - TITLE STATEMENT
Title Governing refugees :
Remainder of title justice, order, and legal pluralism in the refugee camp /
Statement of responsibility, etc. Kirsten McConnachie.
264 #1 - PRODUCTION, PUBLICATION, DISTRIBUTION, MANUFACTURE, AND COPYRIGHT NOTICE
Place of production, publication, distribution, manufacture New York :
Name of producer, publisher, distributor, manufacturer Routledge,
Date of production, publication, distribution, manufacture, or copyright notice 2014.
300 ## - PHYSICAL DESCRIPTION
Extent 1 online resource (pages cm.)
336 ## - CONTENT TYPE
Content type term text
Source rdacontent
337 ## - MEDIA TYPE
Media type term computer
Source rdamedia
338 ## - CARRIER TYPE
Carrier type term online resource
Source rdacarrier
490 0# - SERIES STATEMENT
Series statement Law, development and globalization
504 ## - BIBLIOGRAPHY, ETC. NOTE
Bibliography, etc. note Includes bibliographical references and index.
588 ## - SOURCE OF DESCRIPTION NOTE
Source of description note Description based on print version record.
650 #0 - SUBJECT ADDED ENTRY--TOPICAL TERM
Topical term or geographic name entry element Refugees
General subdivision Legal status, laws, etc.
Geographic subdivision Thailand.
650 #0 - SUBJECT ADDED ENTRY--TOPICAL TERM
Topical term or geographic name entry element Refugees
General subdivision Government policy
Geographic subdivision Thailand.
650 #0 - SUBJECT ADDED ENTRY--TOPICAL TERM
Topical term or geographic name entry element Karen (Southeast Asian people)
650 #0 - SUBJECT ADDED ENTRY--TOPICAL TERM
Topical term or geographic name entry element Refugees
Geographic subdivision Burma.
650 #0 - SUBJECT ADDED ENTRY--TOPICAL TERM
Topical term or geographic name entry element Human rights
Geographic subdivision Burma.
651 #0 - SUBJECT ADDED ENTRY--GEOGRAPHIC NAME
Geographic name Burma
General subdivision Politics and government.
9 (RLIN) 55490
651 #7 - SUBJECT ADDED ENTRY--GEOGRAPHIC NAME
Geographic name Burma.
Source of heading or term fast
Authority record control number or standard number (OCoLC)fst01207835
651 #7 - SUBJECT ADDED ENTRY--GEOGRAPHIC NAME
Geographic name Thailand.
Source of heading or term fast
Authority record control number or standard number (OCoLC)fst01205310
655 #4 - INDEX TERM--GENRE/FORM
Genre/form data or focus term Electronic books.
856 40 - ELECTRONIC LOCATION AND ACCESS
Uniform Resource Identifier https://ezproxy.taylors.edu.my/login?url=http://search.ebscohost.com/login.aspx?direct=true&scope=site&db=nlebk&db=nlabk&AN=770391
Public note An electronic book accessible through the World Wide Web; click to view
Holdings
Withdrawn status Lost status Source of classification or shelving scheme Damaged status Not for loan Home library Current library Date acquired Total Checkouts Date last seen Copy number Price effective from Koha item type Public note
    Dewey Decimal Classification   e-book Taylor's Library-TU Taylor's Library - Perpetual(TU) 21/02/2020   21/02/2020 1 21/02/2020 Main Collection SOMAC,09030,03,CL,PPT